000 00862cab a2200217 4500
001 X1667
008 090401t1994 xxu||||| |||| 00| 0 eng d
035 _a(Sirsi) u18552
041 _aeng
245 _aR v Cornwall CC ex parte Huntingdon et al
260 _c1994
350 _a0
490 _aJournal of Planning and Environment Law
_v1994 JPL 816-823(9)
520 _aCA 26 April 1993. Definitive map - modification order - Wildlife and Countryside Act 1981 s53(2)(b) - Schedule 15 - paragraph 12(3) - availablity of judicial review pending confirmation of the Order - Jurisdication of the High Court - effect of oyster clause on challenge to validity of order.
650 _aDEFINITIVE MAP
650 _aOYSTERS
650 _aWILDLIFE AND COUNTRYSIDE ACT 1981
690 _aPLANNING LAW AND PRACTICE-CASE LAW
942 _n0
948 _c04/03/1997
999 _c12340
_d12340